AH International Schools' Libraries

100 Things to know about the human body / (Record no. 48246)

MARC details
000 -LEADER
fixed length control field 00408nam a2200121 4500
020 ## - INTERNATIONAL STANDARD BOOK NUMBER
International Standard Book Number 9781474916158
100 ## - MAIN ENTRY--PERSONAL NAME
Personal name Frith, Alex,
Relator term author.
9 (RLIN) 83589
245 ## - TITLE STATEMENT
Title 100 Things to know about the human body /
Remainder of title written by Alex Frith, illustrated by Federico Mariani.
260 ## - PUBLICATION, DISTRIBUTION, ETC. (IMPRINT)
Place of publication, distribution, etc London, England :
Name of publisher, distributor, etc Usborne ;
Date of publication, distribution, etc 2016.
300 ## - PHYSICAL DESCRIPTION
Extent 128 pages.
Dimensions 244 x 177.5mm.
490 ## - SERIES STATEMENT
Series statement 100 Things to know about
942 ## - ADDED ENTRY ELEMENTS (KOHA)
Source of classification or shelving scheme
Koha item type Book
Holdings
Withdrawn status Lost status Source of classification or shelving scheme Damaged status Not for loan Home library Current library Date acquired Total Checkouts Full call number Barcode Checked out Date last seen Date checked out Price effective from Koha item type
          Logos International School Logos International School 01/28/2025 14 J 612 FIR 040301 03/23/2026 03/13/2026 03/13/2026 01/28/2025 Book

For any Logos Library related questions please contact Miss Art at swongnarasuk@asianhope.org.

For any Asian Hope Library related questions please contact Miss Raza at graza@asianhope.org.

Click here to explore our ebooks!

Powered by Koha